Quizzes
Events
Quiz Creation
Community
Videos
Private Events
Remove Ads
Sign In
Join for FREE
Feedback
Dark Mode
Quiz Categories
Sports
Geography
Music
Movies
Television
Just For Fun
Miscellaneous
History
Literature
Language
Science
Gaming
Entertainment
Religion
Holiday
For Kids
Quiz Lab
Recent
Popular Today
Quiz Kudos Today
Editor Picks
Curator Picks
Quizzes by...
Day
Popularity
Type
Ratings
Length
Year
Community
Subscriptions
Recent Discussions
Orange Saloon
Badges
Playlists
Quests
Create
Leaderboards
Showdown
Live 5
Trivia Bingo
Activity
Puzzle Library
Sporcle Events
Private Events
Virtual Trivia
Globe League
Become a Host
Pub Owners
SporcleCon
Opinionation
Our Games
Videos
Blog
Mobile Apps
Partnerships
Remove Ads and Go Orange
Feedback
Sports
Athletes
MLB
NBA
NHL
NFL
Soccer
Sports Teams
WWE
NCAA
Football
Premier League
Basketball
Baseball
Hockey
Golf
Tennis
Cricket
Rugby
Auto Racing
Olympics
World Cup
Sports
Athletes
MLB
NBA
NHL
NFL
Soccer
Sports Teams
WWE
NCAA
Football
Premier League
Basketball
Baseball
Hockey
Golf
Tennis
Cricket
Rugby
Auto Racing
Olympics
World Cup
Random Quiz
Search Sporcle
×
Quiz Lab
Quiz Lab
Sports
National Team
Type in answers that appear in a list
Type in answers that appear in a list
Classic
Best Score? Go Orange.
Ice hockey: Nations having played national team matche Stats
Can you name the Ice hockey - Nations having played national team games?
By
TH_King
10m
70 Questions
54 Plays
54 Plays
54 Plays
Comments
Comments
Give Quiz Kudos
Give Quiz Kudos
-
- Ratings
hide this ad
More Info
Replay
Link that replays current quiz
Next Quiz
Link to next quiz in quiz playlist
You Got
0%
They Got
Avg Score
77%
Avg Friend Score
Upgrade to see
Score Distribution
Jump to the score distribution portion of the page
Score
0/70
Timer
10:00
0
Plays Today
% Correct
Finland
96.2%
USA
96.2%
Canada
94.2%
Russia
94.2%
Sweden
94.2%
Slovakia
94.2%
Norway
94.2%
Denmark
92.3%
Czech Republic
90.4%
Germany
90.4%
Slovenia
90.4%
Switzerland
90.4%
Austria
90.4%
Japan
90.4%
Mexico
90.4%
Brazil
90.4%
Belarus
88.5%
France
88.5%
Italy
88.5%
Ukraine
88.5%
South Korea
88.5%
Spain
88.5%
Kazakhstan
86.5%
Great Britain
86.5%
Australia
86.5%
China
86.5%
Argentina
86.5%
Croatia
84.6%
Lithuania
84.6%
Romania
84.6%
Iceland
84.6%
Ireland
84.6%
Greece
84.6%
India
84.6%
Poland
82.7%
% Correct
Hungary
82.7%
Netherlands
82.7%
Estonia
82.7%
Belgium
82.7%
Serbia
82.7%
New Zealand
82.7%
South Africa
82.7%
Latvia
80.8%
North Korea
80.8%
Luxembourg
80.8%
Turkey
78.8%
Israel
75%
Bulgaria
75%
Bosnia & Herzegovina
75%
Thailand
71.2%
Georgia
69.2%
Armenia
67.3%
Liechtenstein
66.7%
Taiwan
65.4%
Mongolia
65.4%
United Arab Emirates
63.5%
Morocco
60.8%
Colombia
57.7%
Malaysia
55.8%
Singapore
55.8%
Qatar
55.8%
Saudi Arabia
55.8%
Kyrgyzstan
53.8%
Oman
53.8%
Kuwait
50%
Algeria
49%
Bahrain
46.2%
Philippines
38.5%
Hong Kong
36.5%
Macau
23.1%
Quiz Playlist
Details
Report
Send in Message
Add To Playlist
More Info:
Can you list all countries having played national team games against another national team?
Classic:
Type in answers that appear in a list
Last Updated: Feb 16, 2017
Quiz Scoreboard
CHALLENGE
Sign Up to Join the Scoreboard
Show All
Scores
Hide
Comments
May contain spoilers
Recently Published
One Thing in Common: World Cities II
by knightlancer
Geography
7m
Popular People in 1961
by mucciniale
History
6m
1-10 Letter E Words III
by El_Dandy
Language
2m
More to Explore
Quiz From the Vault
Featured Blog Post
Where Did the Easter Bunny Come From?
hide this ad
You Might Also Like...
Tags
Ice Hockey
National Team
Today's Top Quizzes in Sports
Browse Sports
hide this ad
Today's Top Quizzes in National Team
Browse National Team
Top Contributed Quizzes in Sports
1
Les meilleurs buteurs des matchs entre le PSG et l’OM
2
Les entraîneurs de l'OM et du PSG au 21e siècle
3
2022 World Cup Stars
4
FIFA Club World Cup Champions
5
Name the Premier League winners with different clubs
6
La finale Lions - Afrique du Sud 2021
7
Criteria MLB: Left Handed Sluggers
8
Players with Multiple 50 Home Run Seasons
9
MLB Players with Two .350 Batting Average Seasons
10
MLB Hall of Famer by Rings
Explore More
Trending Topics
NBA
Marvel
Kpop
Crossword
Anime
Disney
Harry Potter
WWE
Pokémon
Puzzle
NFL
Country
Song
The Office
Soccer
hide this ad
More By:
TH_King
Quiz
Plays
Rating
Category
Featured
Created
Ice hockey: Nations having played national team matche
54
Sports
Jun 11, 2016
Go to Creator's Profile
Score Distribution
Quiz Creator Spotlight
TH_King
Follow
Send a Message
Quizzes Created
-
Created Quiz Play Count
-
More By This Creator
Popular Quizzes Today
1
Find the US States - No Outlines Minefield
2
The Countries of the World
3
Find the Countries of Europe - No Outlines Minefield
4
Popular People in 1961
5
1-10 Letter E Words III
6
Find the US States
7
One Thing in Common: World Cities II
8
US States
More Sports Quizzes
NFL Passing Leaders Bonanza
Published
Trending Quizzes
Risky Map Clicking: Least Populous States A-Z
1-10 Letter F Words
1-10 Letter G Words
One Thing in Common: United Kingdom
Risky Map Clicking: Next State Alphabetically
Recently Updated
Leaping Animals
pecheneg
Reality TV Shows (A-Z)
bhenderson79
Rickey Henderson's Hall of Fame Teammates
pecheneg
Champions League XIs: Arsenal
pecheneg
Quick Pick: Celebrities in WWE's Hall of Fame
aduchscher
A-Z Keypad Blitz II
pecheneg
Multiple Oscar Actors
pecheneg
Mystery Phrase Blitz: Oscar 'Best Actors'
pecheneg
F. Scott Fitzgerald Novels
LTH
Pick 3 Villains
ddd62291
Trending Topics
Disney
Anime
Crossword
Harry Potter
NBA
Marvel
Kpop
Puzzle
Soccer
NFL
Song
Pokémon
Country
The Office
WWE
Your Account Isn't Verified!
In order to create a playlist on Sporcle, you need to verify the email address you used during registration. Go to your
Sporcle Settings
to finish the process.
Report this User
Report this user for behavior that violates our
Community Guidelines
.
Details:
Send Report
Go to the Sporcle.com Mobile Site →
Comments